<?xml version="1.0" encoding="UTF-8"?>
<record
    xmlns:xsi="http://www.w3.org/2001/XMLSchema-instance"
    xsi:schemaLocation="http://www.loc.gov/MARC21/slim http://www.loc.gov/standards/marcxml/schema/MARC21slim.xsd"
    xmlns="http://www.loc.gov/MARC21/slim">

  <leader>02203agaaa2200337   4500</leader>
  <controlfield tag="001">7212</controlfield>
  <controlfield tag="003">IT-RoPAU</controlfield>
  <controlfield tag="005">20220918181235.0</controlfield>
  <controlfield tag="007">d cvaizq</controlfield>
  <controlfield tag="008">50131s9999||||xx ||| |     ||   ||und||</controlfield>
  <datafield tag="040" ind1=" " ind2=" ">
    <subfield code="a">IT-RoPAU</subfield>
    <subfield code="c">IT-RoPAU</subfield>
  </datafield>
  <datafield tag="041" ind1=" " ind2=" ">
    <subfield code="a">ITALIANO</subfield>
  </datafield>
  <datafield tag="100" ind1=" " ind2=" ">
    <subfield code="a">Allen Woody</subfield>
    <subfield code="g">Codice regista SPICS: 9980</subfield>
    <subfield code="9">42451</subfield>
  </datafield>
  <datafield tag="130" ind1=" " ind2=" ">
    <subfield code="a">ROSA PURPUREA DEL CAIRO (LA)</subfield>
    <subfield code="9">42452</subfield>
  </datafield>
  <datafield tag="240" ind1=" " ind2=" ">
    <subfield code="a">PURPLE ROSE OF CAIRO (THE)</subfield>
    <subfield code="g">T2018</subfield>
  </datafield>
  <datafield tag="245" ind1=" " ind2=" ">
    <subfield code="a">ROSA PURPUREA DEL CAIRO (LA)</subfield>
    <subfield code="c">Prodotto da: Greenhut Robert -- Sceneggiatura: Allen Woody -- Diretto da: Allen Woody</subfield>
    <subfield code="p">ROSA PURPUREA DEL CAIRO (LA) (Rif. Codice opera principale : H7212)</subfield>
  </datafield>
  <datafield tag="246" ind1=" " ind2=" ">
    <subfield code="a">PURPLE ROSE OF CAIRO (THE)</subfield>
  </datafield>
  <datafield tag="250" ind1=" " ind2=" ">
    <subfield code="a">Edizione Standard</subfield>
  </datafield>
  <datafield tag="260" ind1=" " ind2=" ">
    <subfield code="a">(USA)</subfield>
    <subfield code="b">ROLLINS JACK - JOFFE CHARLES H. / Distribuzione: MESSAGGERIE MUSICALI</subfield>
    <subfield code="g">"1985 (1&#xB0; ed.: 2007 ; Ed. Lingua Orig.: 1985)"</subfield>
  </datafield>
  <datafield tag="300" ind1=" " ind2=" ">
    <subfield code="a">DVD</subfield>
    <subfield code="b">sonoro, col.</subfield>
    <subfield code="c">78 minuti</subfield>
  </datafield>
  <datafield tag="508" ind1=" " ind2=" ">
    <subfield code="a">"Fotografia: Willis Gordon; Montaggio: Morse Susan E.; Musica: Hyman Dick; Sceneggiatura: Allen Woody; Scenografia: Wurtzel Stuart; "</subfield>
  </datafield>
  <datafield tag="511" ind1=" " ind2=" ">
    <subfield code="a">"Farrow Mia; Daniels Jeff; Aiello Danny; Wiest Dianne; Metzman Irving; Wood John"</subfield>
  </datafield>
  <datafield tag="520" ind1=" " ind2=" ">
    <subfield code="a">CECILIA, ALL'EPOCA DELLA GRADE DEPRESSIONE, E' UNA SOLITARIA CAMERIERA, APPASSIONATA DEI FILM DI HOLLYWOOD. AFFASCINATA DAL SUO NUOVO FILM PREFERITO,LA ROSA PURPUREA DEL CAIRO, CECILIA RESTA SBALORDITA QUANDO IL PROTAGONISTA IMPROVVISAMENTE SCENDE DALLO SCHERMO PER INCONTRARLA. ATTENTA AL SUO CHARME, CECILIA SI INNAMORA PERDUTAMENTE DI LUI, FIN QUANDO INCONTRA L'ATTORE REALE CHE LO INTERPRETA. COINVOLTA IN UN'AVVENTURA SENTIMENTALE CON ENTRAMBI, PERSONAGGIO DELLO SCHERMO E STAR FAMOSA, CECILIA SI DIBATTE PER IDENTIFICARE LA LINEA DI CONFINE TRA LA FANTASIA E LA REALTA': MA QUALE SCEGLIERE PER PROVARE PIU' EMOZIONI? CONTENUTI EXTRA: TRAILER CINEMATOGRAFICO ORIGINALE.</subfield>
  </datafield>
  <datafield tag="538" ind1=" " ind2=" ">
    <subfield code="a">PAL, STEREO</subfield>
  </datafield>
  <datafield tag="546" ind1=" " ind2=" ">
    <subfield code="a">ITALIANO</subfield>
  </datafield>
  <datafield tag="650" ind1=" " ind2=" ">
    <subfield code="a">COMMEDIA</subfield>
    <subfield code="e">DVD-FILM [DVD]</subfield>
    <subfield code="x">Codice MATERIA SPICS: 9947</subfield>
    <subfield code="9">36668</subfield>
  </datafield>
  <datafield tag="700" ind1=" " ind2=" ">
    <subfield code="a">Allen Woody </subfield>
    <subfield code="e">(regista)</subfield>
    <subfield code="g">Codice regista SPICS: 9980</subfield>
    <subfield code="9">42453</subfield>
  </datafield>
  <datafield tag="700" ind1=" " ind2=" ">
    <subfield code="a">Allen Woody </subfield>
    <subfield code="e">(soggetto)</subfield>
    <subfield code="g">Codice Soggetto SPICS: 9980</subfield>
    <subfield code="9">42454</subfield>
  </datafield>
  <datafield tag="700" ind1=" " ind2=" ">
    <subfield code="a">Hyman Dick</subfield>
    <subfield code="e">(musica)</subfield>
    <subfield code="g">Codice Musica SPICS: 26363</subfield>
    <subfield code="9">42455</subfield>
  </datafield>
  <datafield tag="942" ind1=" " ind2=" ">
    <subfield code="c">DV</subfield>
    <subfield code="2">ddc</subfield>
  </datafield>
  <datafield tag="999" ind1=" " ind2=" ">
    <subfield code="c">105625</subfield>
    <subfield code="d">105625</subfield>
  </datafield>
  <datafield tag="952" ind1=" " ind2=" ">
    <subfield code="0">0</subfield>
    <subfield code="1">0</subfield>
    <subfield code="4">0</subfield>
    <subfield code="6">H_7212_000000000000000</subfield>
    <subfield code="7">1</subfield>
    <subfield code="a">SPICS</subfield>
    <subfield code="b">SPICS</subfield>
    <subfield code="d">2015-01-31</subfield>
    <subfield code="l">0</subfield>
    <subfield code="o">H7212</subfield>
    <subfield code="r">2015-01-31 00:00:00</subfield>
    <subfield code="w">2015-01-31</subfield>
    <subfield code="y">DV</subfield>
    <subfield code="z">Progr. Ins.: 3549 / N.Vol.:1 / Copie: 1 / Pag.:0 / Copia rara: n.d. / date import: 1.2.2015 / By Epidotti, Trombetti, Vaglietti</subfield>
  </datafield>
</record>
